000 01030nam0a22003011 4500
001 v19\rc\1642115
005 20061002125206.6
035 _a(NLR Aleph) 004755164
090 _a4556061
_c4556061
100 _a20061002e18851885|||y0rusy50 ca
101 0 _arus
102 _aRU
105 _ay z |||||
200 1 _aВведение в курс физиологии человека
_eЛекция проф. С.И. Чирьева, чит. 22 янв. 1885 г.
210 _aКиев
_cУнив. тип. (И.И. Завадского)
_d1885
215 _a[2], 13 с.
_d25
311 _aОтт. из "Унив. изв." 1885 г.
488 0 _12001#$aУниверситетские известия$v1885
700 1 _aЧирьев
_bС. И.
_f1850-1915
_gСергей Иванович
801 0 _aRU
_bNLR
_gpsbo
801 0 _aRU
_bRuMoRGB
_2psbo
801 1 _aRU
_bProSoft-M
_2rusmarc
852 _aNLR
_j18.222.6.384
899 _aБАН
899 _aНБ СПбГУ
899 _aRuMoRGB
_jA 186/746
942 _cBOOK
980 _aNB